Страны, не имеющие выход к морю - Statistics

General Stats
  • This quiz has been taken 380 times
  • The average score is 32 of 45
Answer Stats
Hint Answer % Correct
Европа Беларусь
89%
Европа Австрия
87%
Европа Словакия
86%
Азия Монголия
85%
Европа Андорра
83%
Европа Чехия
83%
Европа Ватикан
82%
Европа Сербия
82%
Азия Казахстан
81%
Европа Лихтенштейн
81%
Азия Узбекистан
81%
Азия Афганистан
80%
Европа Венгрия
80%
Азия Таджикистан
80%
Южная Америка Боливия
79%
Европа Люксембург
79%
Европа Швейцария
79%
Южная Америка Парагвай
78%
Азия Непал
77%
Азия Бутан
76%
Европа Сан-Марино
76%
Африка Чад
76%
Азия Армения
75%
Азия Киргизия
74%
Европа Косово
71%
Африка Нигер
71%
Азия Туркменистан
70%
Африка ЦАР
66%
Африка Лесото
65%
Азия Лаос
64%
Азия Азербайджан
61%
Африка Южный Судан
61%
Африка Мали
60%
Африка Ботсвана
58%
Африка Эфиопия
58%
Европа Северная Македония
57%
Африка Замбия
56%
Африка Руанда
56%
Африка Зимбабве
55%
Африка Эсватини
55%
Европа Молдавия
53%
Африка Уганда
52%
Африка Бурунди
51%
Африка Буркина-Фасо
50%
Африка Малави
43%
No matching quizzes found
Score Distribution
Percent of People with Each Score
Percentile by Number Answered
Your Score History
You have not taken this quiz